Financial statement analysis

Gespeichert in:
Bibliographische Detailangaben
1. Verfasser:  Subramanyam, K. R
Format: Sách
Sprache:Undetermined
Veröffentlicht:  McGraw Hill Education  2014
Schlagworte:
Tags: Tag hinzufügen
Keine Tags, Fügen Sie den ersten Tag hinzu!
Thư viện lưu trữ: Trung tâm Thư viện - Trường Đại học Công nghiệp TP. Hồ Chí Minh
LEADER 00511nam a2200157Ia 4500
001 UIH_05172
008 231011s9999 xx 000 0 und d
082 |a  657.3 
100 |a  Subramanyam, K. R 
245 0 |a  Financial statement analysis 
245 0 |c  Subramanyam, K. R 
260 |b  McGraw Hill Education 
260 |c  2014 
650 |a  Financial statements; Báo cáo tài chính;  
927 |a Sách 
980 |a Trung tâm Thư viện - Trường Đại học Công nghiệp TP. Hồ Chí Minh